[Event "Sucre op 7th"]
[Site "Sucre"]
[Date "2023.12.08"]
[Round "4"]
[White "Velasquez Nava, Raquel"]
[Black "Herrera, Jhon"]
[Result "1/2-1/2"]
[WhiteElo "1409"]
[BlackElo "1686"]
[PlyCount "139"]
[EventDate "2023.12.07"]
[EventType "swiss"]
[EventRounds "7"]
[EventCountry "BOL"]
[SourceTitle "CB51_2023"]
[SourceDate "2023.12.20"]
[SourceVersion "1"]
[SourceVersionDate "2023.12.20"]
[SourceQuality "1"]

1. d4 Nf6 2. c4 e6 3. Nc3 Bb4 4. e3 b6 5. Bd3 Bb7 6. f3 d5 7. Nge2 0-0 8. 0-0 c5 9. cxd5 exd5 10. a3 cxd4 11. axb4 dxc3 12. bxc3 Nc6 13. Bd2 Ne5 14. Be1 Qe7 15. Nd4 Rfe8 16. Nf5 Qe6 17. Nd4 Qe7 18. Nf5 Qd7 19. Bh4 Nxd3 20. Qxd3 Re5 21. Bxf6 Rxf5 22. Bd4 Bc6 23. Rf2 Rh5 24. Qd1 Qd6 25. f4 Qh6 26. g3 Bd7 27. Bxb6 a6 28. Bd4 Qg6 29. Be5 Rh3 30. Qxd5 Bc6 31. Qd2 Qe4 32. Rg2 h5 33. Re1 h4 34. gxh4 g6 35. Bf6 Re8 36. Bd4 Rxh4 37. Ree2 Rh3 38. Qc2 Qxc2 39. Rxc2 Bxg2 40. Kxg2 Rh5 41. Ra2 Re6 42. c4 Kf8 43. c5 Ke8 44. Kf3 Kd7 45. Kg3 f5 46. h4 Rc6 47. Ra5 Ke6 48. b5 axb5 49. Rxb5 Rh7 50. Rb6 Kd5 51. Rxc6 Kxc6 52. Kh3 Rb7 53. Kg3 Rb1 54. Kg2 Kd5 55. Kf3 Rc1 56. Kg2 Ke4 57. Kf2 Rc2+ 58. Kg3 Rc1 59. Kf2 Rh1 60. Kg3 Rg1+ 61. Kf2 Rc1 62. Kg3 Kd3 63. Kf3 Rc2 64. Kg3 Ke2 65. h5 gxh5 66. Kh4 Kf3 67. Kxh5 Ke4 68. Kg5 Rc1 69. Kf6 Rh1 70. Kg6 1/2-1/2

[Event "Sucre op 7th"]
[Site "Sucre"]
[Date "2023.12.07"]
[Round "2"]
[White "Ferrufino, Boris"]
[Black "Velasquez Nava, Raquel"]
[Result "1-0"]
[WhiteElo "1872"]
[BlackElo "1409"]
[PlyCount "63"]
[EventDate "2023.12.07"]
[EventType "swiss"]
[EventRounds "7"]
[EventCountry "BOL"]
[SourceTitle "CB51_2023"]
[SourceDate "2023.12.20"]
[SourceVersion "1"]
[SourceVersionDate "2023.12.20"]
[SourceQuality "1"]

1. d4 d5 2. Nf3 Nf6 3. e3 c6 4. c4 Bf5 5. Nc3 e6 6. Nh4 Bg6 7. Qb3 Qb6 8. c5 Qc7 9. Bd2 Nbd7 10. g3 Be7 11. Bg2 b6 12. Nxg6 hxg6 13. cxb6 axb6 14. Rc1 g5 15. e4 Qa7 16. Bxg5 Rc8 17. 0-0 0-0 18. e5 Nxe5 19. dxe5 Ng4 20. Bxe7 Qxe7 21. Rfe1 Qa7 22. Qa4 Qb7 23. Qxg4 c5 24. Nb5 Qa6 25. Nd6 Rc7 26. a3 d4 27. Ne4 g6 28. Qh4 Kg7 29. Qf6+ Kg8 30. Ng5 Qb5 31. Re4 Qd7 32. Rh4 1-0

[Event "Cochabamba GP op 4th"]
[Site "Cochabamba"]
[Date "2023.09.08"]
[Round "3"]
[White "Velasquez Nava, Raquel"]
[Black "Ferrufino, Boris"]
[Result "0-1"]
[WhiteElo "1410"]
[BlackElo "1868"]
[PlyCount "120"]
[EventDate "2023.09.07"]
[EventType "swiss"]
[EventRounds "7"]
[EventCountry "BOL"]
[SourceTitle "EXT 2024"]
[Source "ChessBase"]
[SourceDate "2023.10.10"]
[SourceVersion "1"]
[SourceVersionDate "2023.10.10"]
[SourceQuality "1"]

1. d4 Nf6 2. c4 c5 3. d5 b5 4. cxb5 a6 5. bxa6 g6 6. Nc3 Bxa6 7. f3 d6 8. e4 Bxf1 9. Kxf1 Bg7 10. Nge2 0-0 11. Kf2 Nbd7 12. Bf4 Qb6 13. Qd2 Rfb8 14. Rab1 Ne8 15. Rhc1 Nc7 16. Bh6 Bh8 17. b3 Ne5 18. Be3 Qa6 19. Rd1 Nb5 20. Nxb5 Qxb5 21. Nc3 Qa5 22. Na4 Qxd2+ 23. Rxd2 Rxa4 24. Rc1 Rab4 25. h3 c4 26. bxc4 Nxc4 27. Rdc2 Nxe3 28. Kxe3 Bf6 29. Rc8+ Kg7 30. Rxb8 Rxb8 31. Rc2 Rb2 32. Rxb2 Bxb2 33. a4 Ba3 34. a5 Bc5+ 35. Kf4 Kf6 36. h4 h6 37. a6 g5+ 38. Kg4 e6 39. dxe6 fxe6 40. hxg5+ hxg5 41. f4 gxf4 42. Kxf4 Kg6 43. Kf3 Kg5 44. Ke2 Kf4 45. Kd3 e5 46. g3+ Kxg3 47. Kc4 Kf3 48. Kd5 Kf4 49. a7 Bxa7 50. Kxd6 Kxe4 51. Kc6 Kd3 52. Kd5 e4 53. Kc6 e3 54. Kb5 e2 55. Ka6 e1Q 56. Kxa7 Qb1 57. Ka6 Qb8 58. Ka5 Kc4 59. Ka6 Kc5 60. Ka5 Qa7# 0-1

[Event "Oruro op 8th"]
[Site "Oruro"]
[Date "2022.05.06"]
[Round "4"]
[White "Velasquez Nava, Raquel"]
[Black "Tapia Espada, Antonio Enrique"]
[Result "0-1"]
[WhiteElo "1458"]
[BlackElo "1616"]
[PlyCount "78"]
[EventDate "2022.05.05"]
[EventType "swiss"]
[EventRounds "7"]
[EventCountry "BOL"]
[SourceTitle "CBM 208 Extra"]
[Source "ChessBase"]
[SourceDate "2022.07.31"]
[SourceVersion "1"]
[SourceVersionDate "2022.07.31"]
[SourceQuality "1"]

1. d4 Nf6 2. Bf4 c5 3. c3 cxd4 4. cxd4 Qb6 5. b3 d5 6. e3 Bf5 7. Nc3 e6 8. Bxb8 Bb4 9. Nge2 Ne4 10. Rc1 Rxb8 11. f3 Nxc3 12. Nxc3 Rc8 13. Qd2 Rxc3 14. Rxc3 Qa5 15. Bb5+ Qxb5 16. Kf2 0-0 17. Qb2 Bxc3 18. Qxc3 e5 19. Rc1 h6 20. dxe5 Rc8 21. Qd2 Rxc1 22. Qxc1 Qd3 23. h4 d4 24. g4 Qc3 25. Qxc3 dxc3 26. Ke2 c2 27. Kd2 Bd3 28. a3 b5 29. a4 bxa4 30. bxa4 a5 31. f4 g6 32. Kc1 Kf8 33. Kd2 Ke7 34. Kc1 Ke6 35. Kd2 Kd5 36. Kc1 Ke4 37. h5 gxh5 38. f5 Kxe5 39. gxh5 Kxf5 0-1